Statystyki dla KRAJE, W KTÓRYCH JEST ZIMNO:

Kliknij tutaj aby rozwiązać quiz!

Ogólne statystyki

  • Ten quiz został rozwiązany 74 razy
  • Średni wynik to 5 z 6

Statystyki odpowiedzi

Odpowiedź% Poprawnych
FINLANDIA
93%
ROSJA
93%
ISLANDIA
91%
NORWEGIA
91%
SZWECJA
90%
KANADA
87%

Rozkład punktacji

Percentyl według liczby udzielonych odpowiedzi

Procent ludzi z każdym wynikiem

Twoja historia wyników

Nie rozwiązałeś tego quizu